Exposició El tren i el seu món : Centre Cultural Caixa d'Estalvis de Terrassa, del 30 d'octubre al 22 de novembre de 1982 Centre Cultural Caixa d'Estalvis de Terrassa, del 30 d'octubre al 22 de novembre de 1982
Publicado:
Terrassa :
Club Ferroviari de Terrassa, Associació Egarenca d'Amics del Ferrocarril, [1982]
Descripción Física:
72 p. : il. col. ; 21 x 22 cm
Materias:
Ferrocarrils -- Exposicions
MARC
| LEADER | 00000nam a2200000Ia 4500 | ||
|---|---|---|---|
| 001 | 12656 | ||
| 003 | BGR | ||
| 005 | 20260324175253.0 | ||
| 008 | 160829s9999 xx 000 0 cat d | ||
| 080 | |a C-1-510 | ||
| 111 | |a El Tren i el Seu Món |9 70738 |c (Terrassa : |d 1982) | ||
| 245 | |a Exposició El tren i el seu món : |b Centre Cultural Caixa d'Estalvis de Terrassa, del 30 d'octubre al 22 de novembre de 1982 | ||
| 260 | |a Terrassa : |b Club Ferroviari de Terrassa, Associació Egarenca d'Amics del Ferrocarril, [1982] | ||
| 300 | |a 72 p. : |b il. col. ; |c 21 x 22 cm | ||
| 590 | |a Edició numerada i limitada, núm. 00477 | ||
| 650 | |a Ferrocarrils |x Exposicions |9 24198 | ||
| 700 | |a Centre Cultural Caixa d'Estalvis de Terrassa |9 24199 | ||
| 700 | |a Club Ferroviari de Terrassa |9 24200 | ||
| 901 | |a Arxiu | ||
| 942 | |n 1 |2 udc |c MON | ||
| 952 | |0 0 |1 0 |4 0 |6 C1510 |7 1 |9 43018 |a Arxiu |b Arxiu |d 2016-12-01 |l 0 |o C-1-510 |p 12656 |r 2016-12-01 00:00:00 |w 2016-12-01 |y ARXIU | ||
| 999 | |c 45561 |d 45561 | ||